|
|
|
|
| LEADER |
01564nam a2200409 a 4500 |
| 001 |
39284 |
| 003 |
BD-DhAAL |
| 008 |
220804t2006 nyu b 001 0 eng d |
| 999 |
|
|
|c 44739
|d 44739
|
| 010 |
|
|
|a 2006041961
|
| 020 |
|
|
|a 0241143233
|
| 020 |
|
|
|a 9780241143230
|
| 020 |
|
|
|a 9780805079128
|
| 020 |
|
|
|a 0805079122
|
| 040 |
|
|
|a DLC
|c DLC
|d DLC
|d BD-DhAAL
|
| 042 |
|
|
|a pcc
|
| 043 |
|
|
|a n-us---
|a a-iq---
|
| 050 |
0 |
0 |
|a E902
|b .C468 2006
|
| 082 |
0 |
0 |
|a 327.730090511
|2 22
|
| 100 |
1 |
|
|a Chomsky, Noam.
|9 50610
|
| 245 |
1 |
0 |
|a Failed states :
|b the abuse of power and the assault on democracy /
|c Noam Chomsky.
|
| 250 |
|
|
|a First edition
|
| 260 |
|
|
|a New York :
|b Hamish Hamilton,
|c 2006.
|
| 300 |
|
|
|a 311 pages ;
|c 24 cm.
|
| 504 |
|
|
|a Includes bibliographical references (pages [265]-300) and index.
|
| 541 |
|
|
|a Donated By Akbar Ali Khan
|e 39284
|
| 600 |
1 |
0 |
|a Bush, George W.
|q (George Walker),
|d 1946-
|9 50611
|
| 650 |
|
0 |
|a Unilateral acts (International law)
|9 50612
|
| 650 |
|
0 |
|a Security, International.
|9 50613
|
| 650 |
|
0 |
|a Iraq War, 2003-2011.
|9 50614
|
| 650 |
|
0 |
|a War on Terrorism, 2001-2009.
|9 50615
|
| 650 |
|
0 |
|a Nuclear nonproliferation.
|9 50616
|
| 651 |
|
0 |
|a United States
|x Foreign relations
|y 2001-
|9 50617
|
| 651 |
|
0 |
|a United States
|x Politics and government
|y 2001-2009.
|9 50618
|
| 852 |
|
|
|a Ayesha Abed Library
|c Akbar Ali Khan Collection
|
| 942 |
|
|
|2 ddc
|c BK
|
| 952 |
|
|
|0 0
|1 0
|2 ddc
|4 0
|6 327_730090511000000_CHO
|7 1
|9 71555
|a BRACUL
|b BRACUL
|c AAKC
|d 2022-08-04
|e Donated by Akbar Ali Khan
|l 0
|o 327.730090511 CHO
|p 3010039284
|r 2022-08-04
|t 1
|w 2022-08-04
|y BK
|